MARC details
| 000 -CABECERA |
| campo de control de longitud fija |
01139cam a2200265 a 4500 |
| 001 - NÚMERO DE CONTROL |
| campo de control |
000001037 |
| 005 - FECHA Y HORA DE LA ÚLTIMA TRANSACCIÓN |
| campo de control |
20200929145453.0 |
| 008 - DATOS DE LONGITUD FIJA--INFORMACIÓN GENERAL |
| campo de control de longitud fija |
991104s1999 it ach 000 0dita |
| 020 ## - NÚMERO INTERNACIONAL ESTÁNDAR DEL LIBRO |
| Número Internacional Estándar del Libro |
888016306X |
| 040 ## - FUENTE DE LA CATALOGACIÓN |
| Centro catalogador/agencia de origen |
DO-SdBNP |
| Centro/agencia transcriptor |
DLC |
| Centro/agencia modificador |
DLC |
| 041 07 - CÓDIGO DE LENGUA |
| Código de lengua del texto/banda sonora o título independiente |
ita |
| Fuente del código |
Código de idioma MARC |
| 043 ## - CÓDIGO DE ÁREA GEOGRÁFICA |
| Código de área geográfica |
e-it--- |
| 082 ## - NÚMERO DE LA CLASIFICACIÓN DECIMAL DEWEY |
| Número de clasificación |
853.8 |
| Número de documento/Ítem |
V493b |
| 100 1# - ENTRADA PRINCIPAL--NOMBRE DE PERSONA |
| Nombre de persona |
Verga, Giovanni, |
| Fechas asociadas al nombre |
1840-1922. |
| 9 (RLIN) |
3592 |
| 245 10 - MENCIÓN DE TÍTULO |
| Título |
Giovanni Verga : |
| Resto del título |
una biblioteca da ascoltare. |
| 260 ## - PUBLICACIÓN, DISTRIBUCIÓN, ETC. |
| Lugar de publicación, distribución, etc. |
Roma : |
| Nombre del editor, distribuidor, etc. |
De Luca, |
| Fecha de publicación, distribución, etc. |
1999. |
| 300 ## - DESCRIPCIÓN FÍSICA |
| Extensión |
158 p. : |
| Otras características físicas |
il, retrs., fascíms. ; |
| Dimensiones |
30 cm. |
| 500 ## - NOTA GENERAL |
| Nota general |
Catálogo de exhibición de autógrafos, libros, objetos, títeres y manuscritos pertenecientes al escritor italiano Giovanni Verga (1840-1922). |
| 504 ## - NOTA DE BIBLIOGRAFÍA, ETC. |
| Nota de bibliografía, etc. |
Incluye referencias bibliográficas. |
| 600 10 - PUNTO DE ACCESO ADICIONAL DE MATERIA--NOMBRE DE PERSONA |
| Nombre de persona |
VERGA, GIOVANNI, |
| Fechas asociadas al nombre |
1840-1922 |
| Subdivisión de forma |
EXPOSICIONES |
| 9 (RLIN) |
3593 |
| 600 10 - PUNTO DE ACCESO ADICIONAL DE MATERIA--NOMBRE DE PERSONA |
| Nombre de persona |
VERGA, GIOVANNI, |
| Fechas asociadas al nombre |
1840-1922 |
| Subdivisión general |
BIBLIOTECAS |
| Subdivisión de forma |
EXPOSICIONES |
| 9 (RLIN) |
3594 |
| 710 1# - PUNTO DE ACCESO ADICIONAL--NOMBRE DE ENTIDAD CORPORATIVA |
| Nombre de entidad corporativa o nombre de jurisdicción como elemento de entrada |
Italia, Ministerio per i Beni e le Attivatà Culturali. |
| Unidad subordinada |
Ufficio centrale per i beni librari, le istituzioni culturali e l'editoria. |
| 9 (RLIN) |
3595 |
| 710 2# - PUNTO DE ACCESO ADICIONAL--NOMBRE DE ENTIDAD CORPORATIVA |
| Nombre de entidad corporativa o nombre de jurisdicción como elemento de entrada |
Teatro dei Dioscuri (Roma, Italy) |
| 9 (RLIN) |
3596 |
| 910 ## - DATOS DE OPCIÓN DEL USUARIO (OCLC) |
| Datos de opción del usuario |
Catalogación por copia / LC |